Trắc nghiệm và ứng dụng

Guardado en:
Detalles Bibliográficos
Autor principal: Lê Quang Thiệp
Formato: Libro
Lenguaje:Vietnamese
Publicado: Khoa học và kỹ thuật 2008
Etiquetas: Agregar Etiqueta
Sin Etiquetas, Sea el primero en etiquetar este registro!
Thư viện lưu trữ: Mạng thư viện Đại học Đà Nẵng
LEADER 00642nam a2200277 4500
001 000026630
003 695
005 20150325120000.0
008 150325s vm 000 vie
020 |c 36,0000 
040 |a NOTTS 
100 |a Lê Quang Thiệp 
245 |a Trắc nghiệm và ứng dụng 
260 |b Khoa học và kỹ thuật  |c 2008 
300 |a 214tr. ; 
OWN |a LTT 
999 |a From the UDN01 
TYP |a Monograph 
TYP |a Printed language 
980 |a Mạng thư viện Đại học Đà Nẵng